00843nam a22002297a 45000010005000000030006000050050017000110080041000280200018000690400029000871000016001162450090001322500036002222600039002583000049002975050008003465200165003545210020005195210020005396500025005597000029005844899FISKH20241023122251.0241023b cb ||||| |||| 00| 0 eng d a9780545249799 aFISKHbengcFISKHdFISKH aBecker, Tom aA Zombie's Guide To The Human Body :bTasty Tidbits From Head To Toe /cby Tom Becker aFirst printing , September 2010 aNew York : bScholastic ; c2010 . a96 pages : bcolor illustrations ;c24 cm .  aZ  aIntroduces young readers to every part of the human body, from head to toe, with illustrated zombies providing information on bones, muscles, veins, and organs.8 a930 bLexile 8 aZ bRaz-Plus  aanatomyvnon-fiction aGrossblatt, Beneeditor